The betrayal of East Pakistan / (Record no. 12842)
[ view plain ]
| 000 -LEADER | |
|---|---|
| fixed length control field | 00699nam a2200241 a 4500 |
| 001 - CONTROL NUMBER | |
| JCCL Control Number | 12842 |
| 003 - CONTROL NUMBER IDENTIFIER | |
| JCCL marc code | BD-JhCC |
| 005 - DATE AND TIME OF LATEST TRANSACTION | |
| control field | 20230518090229.0 |
| 008 - FIXED-LENGTH DATA ELEMENTS--GENERAL INFORMATION | |
| fixed length control field | 230518s1998 pk |||| |||| 001 0 eng d |
| 020 ## - INTERNATIONAL STANDARD BOOK NUMBER | |
| International Standard Book Number | 0195777271 |
| 035 ## - SYSTEM CONTROL NUMBER | |
| system control number | (BD-JhCC)12842 |
| 040 ## - CATALOGING SOURCE | |
| Original cataloging agency | BD-JhCC |
| Modifying agency | BD-JhCC |
| 041 ## - LANGUAGE CODE | |
| Language code of Book | eng |
| 082 ## - DEWEY DECIMAL CLASSIFICATION NUMBER | |
| Classification number | 954.9205 |
| Author mark and Year | NIA 1998 |
| 100 ## - MAIN ENTRY--PERSONAL NAME | |
| Personal name | Niazi, A. A. K. |
| 245 ## - TITLE STATEMENT | |
| Title | The betrayal of East Pakistan / |
| Statement of responsibility, etc | Lieutenant Geeral (R) A. A. K. Niazi |
| 260 ## - PUBLICATION, DISTRIBUTION, ETC. (IMPRINT) | |
| Place of publication, distribution, etc | Karachi : |
| Name of publisher, distributor, etc | Oxford University Press, |
| Date of publication, distribution, etc | 1998. |
| 300 ## - PHYSICAL DESCRIPTION | |
| Pagination | 321 p. : |
| Other physical details | Map; |
| Dimensions | 21 cm. |
| 504 ## - BIBLIOGRAPHY, ETC. NOTE | |
| Bibliography, etc | Includes Index. |
| 600 ## - SUBJECT ADDED ENTRY--PERSONAL NAME | |
| Personal name | Niazi, A. A. K |
| Title of a work | General |
| Fuller form of name | Amir Abdullah Khan Niazi, |
| 650 ## - SUBJECT ADDED ENTRY--TOPICAL TERM | |
| Geographic subdivision | Bangladesh |
| -- | Pakistan |
| 942 ## - ADDED ENTRY ELEMENTS (KOHA) | |
| Source of classification or shelving scheme | Dewey Decimal Classification |
| Koha item type | Computer Files |
| Source of classification or shelving scheme | Damaged status | Not for loan | Home library | Current library | Shelving location | Date of accession | Source of acquisition | Total Checkouts | Full call number | Barcode | Date last seen | Copy number | Method of acquisition | Koha item type | Currency |
|---|---|---|---|---|---|---|---|---|---|---|---|---|---|---|---|
| Dewey Decimal Classification | JCC Rouf Library | JCC Rouf Library | General Stacks | 05/18/2023 | Major General Md. Shafeenul Islam.ndc,psc | 954.9205 NIA 1998 | 17593 | 05/18/2023 | C-1 | Purchase | Computer Files | BDT |